| 000 | 00417nam a22001697a 4500 | ||
|---|---|---|---|
| 003 | CEME | ||
| 005 | 20210628205124.0 | ||
| 008 | 210226b xxu||||| |||| 00| 0 eng d | ||
| 020 | _a0-87170-247-9 | ||
| 040 | _c. | ||
| 082 | _a620.11 SEY'P | ||
| 100 |
_aSeymour, R. B _974041 |
||
| 245 | _aPolymers for engineering applications | ||
| 260 |
_aUSA _bASM INTERNATIONAL _c1990 |
||
| 300 | _aX, 198P | ||
| 942 |
_cBK _2ddc |
||
| 999 |
_c579619 _d579619 |
||